Most Goal Contributions in Premier League history - Statistics

General Stats
  • This quiz has been taken 271 times
  • The average score is 15 of 25
Answer Stats
Hint Answer % Correct
260* Harry Kane
93%
308 Wayne Rooney
93%
324 Alan Shearer
92%
279 Frank Lampard
90%
273* Mohammed Salah
90%
249 Thierry Henry
87%
210 Steven Gerrard
86%
231 Sergio Aguero
83%
272 Ryan Giggs
75%
189* Kevin De Bruyne
72%
198* Son Heung-min
70%
260 Andy Cole
67%
181 Michael Owen
60%
196 Robin van Persie
54%
181 Dennis Bergkamp
49%
173 Dwight Yorke
48%
202 Robbie Fowler
44%
192* Jamie Vardy
42%
195 Jermain Defoe
40%
222 Teddy Sheringham
40%
165 Peter Crouch
38%
187* Raheem Sterling
38%
185 Jimmy Floyd Hasselbaink
31%
198 Les Ferdinand
29%
173 Nicolas Anelka
28%
No matching quizzes found
Score Distribution
Percent of People with Each Score
Percentile by Number Answered
Your Score History
You have not taken this quiz